000 00296nam a22001337a 4500
003 SGT
020 _a9788194125440
082 _a615
_bGEO
100 _aGEORGE MATHEW
245 _aHANDBOOK ON CLINICAL PHARMACY PRACTICE
260 _aINDIA
_bCBS PUB
_c2023
300 _a146
942 _2ddc
_cBK
999 _c34448
_d34448